Devine le film de Ryan Gosling - Statistiques

Statistiques générales
  • Ce quiz a été pris 33 fois
  • Le résultat moyen est 6 sur 23
Statistiques - réponses
Par images Réponse % Correct
Barbie
97%
La La Land
88%
Drive
81%
Crazy stupid love
56%
The fall guy
34%
The gray man
34%
The nice guys
34%
The notebook
34%
Blue valentine
22%
First man
19%
Half Nelson
19%
Remember the titans
9%
Fracture
6%
Lars and the real girl
6%
Murder by numbers
6%
Song to song
6%
The Believer
6%
All good things
3%
Stay
3%
The gray man 2
0%
The place beyond of the pines
0%
The slaughter rule
0%
The united of leland
0%
Aucun quiz correspondant
Distribution des résultats
% des personnes avec chaque résultat
Percentile par nombre de réponses
Votre historique - résultats
Vous n’avez pas pris ce quiz